00718nam a2200205 i 4500001000300000245015900003260004300162300002800205650003400233700003000267020001800297040000800315041000800323044000800331080001100339080001000350080001300360008004100373856009800414bg00aTurystyka polska w 2007 roku :bukład regionalny /c[aut. oprac. Maria Byszewska-Dawidek et al.] ; Instytut Turystyki, [Ministerstwo Sportu i Turystyki]. aWarszawa :bInstytut Turystyki,c2008. a150 s. :bil. ;c29 cm. 9aTurystykazPolskayod 2001 r.1 aByszewska-Dawidek, Maria. a9788388376719 cBPK0 apol aPOL a338.48 a(438) a(083.41)130116s pl a f |000 0 pol  uhttp://koha.tu.koszalin.pl/cgi-bin/koha/opac-detail.pl?biblionumber=53874yKatalog online BPK